Strategic management of technology and innovation / (رقم التسجيلة. 26426)

تفاصيل مارك
000 -الفاتح
حقل البيانات ثابتة الطول 01424cam a2200361 a 4500
001 - رقم الضبط
رقم الضبط 15274882
003 - محدد رقم الضبط
رقم الضبط OSt
005 - وقت وتاريخ اخر تعامل مع التسجيلة
رقم الضبط 20150408114103.0
008 - عناصر البيانات ثابتة الطول - معلومات عامة
حقل البيانات ثابتة الطول 080424s2011 maua b 001 0 eng
010 ## - رقم ضبط مكتبة الكونجرس
رقم ضبط مكتبة الكونجرس 2008018590
020 ## - الرقم الدولى المعيارى للكتب
الرقم الدولى المعيارى للكتاب 9780073381541 (alk. paper)
020 ## - الرقم الدولى المعيارى للكتب
الرقم الدولى المعيارى للكتاب 0073381543 (alk. paper)
035 ## - رقم ضبط النظام
رقم ضبط النظام (OCoLC)226304807
رقم الضبط الملغى والمتاح (OCoLC)192082870
035 ## - رقم ضبط النظام
رقم ضبط النظام (OCoLC)ocn226304807
040 ## - مصدر الفهرسة
وكالة الفهرسة الأصلية DLC
وكالة النسخ DLC
وكالة التعديل BAKER
-- BTCTA
-- C#P
-- BWX
-- YDXCP
-- DLC
050 00 - رقم طلب مكتبة الكونجرس
رقم التصنيف HD45
رقم المادة .B799 2009
082 00 - رقم تصنيف ديوى العشرى
رقم التصنيف 658.514
رقم الطبعة 21
رقم المادة BGS
100 1# - المدخل الرئيسى - إسم شخصى
الإسم الشخصى Bruton, Garry D.
9 (RLIN) 18296
245 10 - بيان العنوان
العنوان Strategic management of technology and innovation /
بيان المسئوليه,etc Robert A. Burgelman, Clayton M. Christensen, Steven C. Wheelwright.
250 ## - بيان الطبعة
بيان الطبعة 2nded.
260 ## - PUBLICATION, DISTRIBUTION, ETC. (IMPRINT)
مكان الناشر او الموزع Boston :
اسم الناشر او الموزع McGraw-Hill Irwin,
تاريخ النشر أو التوزيع 2011.
300 ## - الوصف المادى
التعداد xiii, 1264 p. :
تفاصيل ماديه اخرى للوعاء ill. ;
أبعاد الوعاء 27 cm.
504 ## - تبصرة ببليوجرافية
تبصرة ببليوجرافية,الخ Includes bibliographical references and indexes.
650 #0 - المدخل الاضافى بالموضوع-مصطلح موضوعى
مصطلح موضوعي أو اسم جغرافي كعنصر مدخل Technological innovations
التقسيم الفرعي العام Management.
9 (RLIN) 3987
650 #0 - المدخل الاضافى بالموضوع-مصطلح موضوعى
مصطلح موضوعي أو اسم جغرافي كعنصر مدخل New products
التقسيم الفرعي العام Management.
9 (RLIN) 3988
650 #0 - المدخل الاضافى بالموضوع-مصطلح موضوعى
مصطلح موضوعي أو اسم جغرافي كعنصر مدخل High technology industries
التقسيم الفرعي العام Management.
9 (RLIN) 3989
700 1# - المدخل الاضافى - اسم شخصى
الإسم الشخصى Christensen, Clayton M.
9 (RLIN) 3990
700 1# - المدخل الاضافى - اسم شخصى
الإسم الشخصى Wheelwright, Steven C.,
التواريخ المصاحبة للاسم 1943-
9 (RLIN) 18297
856 41 - الوصول و الموقع الالكترونى
مواد محددة Table of contents only
معرف المصدر الموحد <a href="http://www.loc.gov/catdir/toc/ecip0817/2008018590.html">http://www.loc.gov/catdir/toc/ecip0817/2008018590.html</a>
906 ## - عنصر بيانات محلى F, LDF (RLIN)
a 7
b cbc
c orignew
d 1
e ecip
f 20
g y-gencatlg
942 ## - عناصر المدخل الإضافي( كوها)
مصدر التصنيف او مخطط الترفيف Dewey Decimal Classification
Koha [default] item type DVD
المقتنيات
حالة الفقد نموذج السعر الفعال حالة تلف ليس للاعارة رقم الطلب تاريخ الاكتساب الموقع الحالي الباركود الفرع الرئيسي Date last seen نوع المادة فى نظام كوها مصدر التصنيف او خطة الترفيف Total Checkouts
  2013-03-10     658.514 BGS 2012-12-23 المكتبة المركزية بالمجمعة (CL) 00401310 المكتبة المركزية بالمجمعة (CL) 2013-03-10 كتاب Dewey Decimal Classification  
  2013-03-10     658.514 BGS 2012-12-23 المكتبة المركزية بالمجمعة (CL) 00401309 المكتبة المركزية بالمجمعة (CL) 2013-03-10 كتاب Dewey Decimal Classification  
  2013-03-10     658.514 BGS 2012-12-23 المكتبة المركزية بالمجمعة (CL) 00401311 المكتبة المركزية بالمجمعة (CL) 2013-03-10 كتاب Dewey Decimal Classification